Most Visited Countries by Austrians - Statistics

General Stats
  • This quiz has been taken 1,619 times
  • The average score is 4 of 5
Answer Stats
No.travellers Destinations % Correct
2,329,530 Germany
99%
1,931,612 Italy
94%
442,435 Spain
78%
381,425 Greece
57%
959,515 Croatia
51%
No matching quizzes found
Score Distribution
Percent of People with Each Score
Percentile by Number Answered
Your Score History
You have not taken this quiz